Biggest Cities of Northern England before the Industrial Revolution - Statistics

General Stats
  • This quiz has been taken 251 times
  • The average score is 17 of 40
Answers on the Map
Answers color-coded by a green-red scale on the quiz's map according to % correct below.
 
Answer Stats
Population Cities % Correct
14,201 York
94%
1,210 Liverpool
93%
11,617 Newcastle upon Tyne
93%
2,356 Manchester
91%
3,501 Leeds
90%
6,600 Kingston upon Hull
84%
2,050 Sheffield
77%
5,849 Chester
71%
3,860 Carlisle
70%
2,223 Durham
62%
2,180 Scarborough
56%
1,700 Preston
50%
2,580 Berwick-upon-Tweed
49%
1,830 Bolton
46%
1,760 Doncaster
46%
2,983 Gateshead
42%
1,970 Halifax
41%
1,980 Whitby
41%
1,303 Stockport
37%
1,760 Wakefield
37%
1,700 Warrington
37%
1,950 Wigan
37%
1,403 Darlington
36%
5,730 Kendal
34%
1,198 Stockton-on-Tees
33%
3,180 Beverley
32%
1,460 Bury
30%
2,490 Macclesfield
28%
1,500 Bridlington
27%
1,440 Ripon
27%
1,380 Richmond
24%
2,760 Nantwich
19%
1,440 Pontefract
19%
1,920 Ashton-under-Lyne
18%
1,840 Congleton
14%
1,210 Malton
14%
1,870 Kirkby Lonsdale
12%
1,170 Pickering
12%
1,670 Kirkby Stephen
10%
1,690 Ambleside
8%
No matching quizzes found
Score Distribution
Percent of People with Each Score
Percentile by Number Answered
Your Score History
You have not taken this quiz